Entry Nombre personal
001 - NÚMERO DE CONTROL
- campo de control: 176424
003 - IDENTIFICADOR DE NÚMERO DE CONTROL
- campo de control: SpMaBN
005 - FECHA Y HORA DE LA ÚLTIMA TRANSACCIÓN
- campo de control: 20230508104430.0
008 - ELEMENTOS DE DATO DE LONGITUD-FIJA
- campo de control de longitud fija: 131001n|#azznnaabn |a aaa
024 7# - IDENTIFICADOR DE OTROS ESTÁNDARES
- Número estándar o código: http://www.wikidata.org/entity/Q55688228
- Fuente: wikidata
024 7# - IDENTIFICADOR DE OTROS ESTÁNDARES
- Número estándar o código: http://viaf.org/viaf/305310315/
- Fuente: viaf
024 7# - IDENTIFICADOR DE OTROS ESTÁNDARES
- Número estándar o código: https://isni.org/isni/0000000420014071
- Fuente: isni
040 ## - FUENTE DE CATALOGACIÓN
- Centro catalogador/agencia de origen: SpMaBN
- Lengua de catalogación: spa
- Centro/agencia transcriptor: ES-MaACL
- Normas de descripción: rdc
- Convención/Normas de encabezamiento de materia/tesauro: embne
046 ## - FECHAS CON CODIFICACIÓN ESPECIAL
- Fecha de nacimiento: 1954
100 1# - ENCABEZAMIENTO-NOMBRE DE PERSONA
- Nombre de persona: Villazón, Ángel,
- Fechas asociadas al nombre: 1954-
375 ## - GÉNERO/SEXO
- Género: Masculino
400 1# - TRAZADO DE VÉASE--NOMBRE DE PERSONA
- Nombre de persona: Villazón Trabanco, Ángel
- Fechas asociadas al nombre: 1954-
670 ## - FUENTE DE DATOS ENCONTRADOS
- Cita de la fuente: Goces y sufrimientos en el medievo , 2013;
- Información encontrada: port. (Ángel Villazón) solapa (n. 1954 en México D.F.; ingeniero Industrial Superior, doctor en Dirección y Administración de Empresas, consultor de marketing y escritor) v. port. (Ángel Villazón Trabanco)
670 ## - FUENTE DE DATOS ENCONTRADOS
- Cita de la fuente: WWW Bn España aut., 8-5-2023;
- Información encontrada: (Villazón, Ángel,1954-)
954 ## - CATALOGADOR -ALTA REGISTRO
- Nombre del catalogador: Inmaculada Vicente Garcia
